00253nam a2200109Ia 4500100002000000650002800020245002800048260002800076082001900104300000800123546001200131 aLuger/George F  aArtificial Intelligence aArtificial intelligence bPearson Educationc2005 a006.3/LUGbLUG a903 aENGLISH